000 01152nam a2200265Ia 4500
003 GCL
005 20240530105054.0
008 140319s9999 xx 000 0 ara d
040 _aGCL /
_cGCL
082 0 4 _a323.4
_bب ر
100 1 _aالباقر العفيف
245 1 0 _aالرهان على المعرفة :
_bمداولات المؤتمر الدولى الثانى لحركة حقوق الانسان فى العالم العربى : حول قضايا تعليم ونشر ثقافة حقوق الانسان /
_cتحرير الباقر العفيف ، عصام الدين محمد حسن
260 _aالقاهرة :
_bمركز القاهرة لدراسات حقوق الانسان ،
_c2002
300 _a464 ص ؛
_c24 سم
650 0 4 _aالعصر الحديث
650 0 4 _aمصر
650 0 4 _aتاريخ
650 0 4 _aالاحوال السياسية
650 0 4 _aالثقافة الاسلامية
650 0 4 _aحقوق الانسان
650 0 4 _aالاحزاب السياسية
650 0 4 _aالثقافة المسيحية
700 0 _aعصام الدين محمد حسن
_eمحرر مشارك
942 _2ddc
_cBK
999 _c52927
_d52927